| 000 | 00621cam a2200193 a 4500 | ||
|---|---|---|---|
| 001 | 000005998 | ||
| 005 | 20200929151858.0 | ||
| 008 | 950928s1995 nq 001 p spa | ||
| 040 |
_aDO-SdBNP _bspa _cBNPHU |
||
| 082 |
_cN861.44 _bC348a |
||
| 100 | 1 |
_aCastellón, Blanca, _d1958- _916899 |
|
| 245 | 1 | 0 |
_aAma del espíritu / _cBlanca Castellón. |
| 260 |
_aManagua, (Nicaragua) ; _aNew Orleans, LA : _bDecenio, _c1995. |
||
| 300 |
_a105 p. ; _c22 cm. |
||
| 490 | 1 | _aLos motivos del lobo | |
| 650 | 4 |
_aPoesía nicaragüense _98179 |
|
| 650 | 4 |
_aLiteratura nicaragüense _ySIGLO XX _98729 |
|
| 830 | 0 |
_aLos motivos del lobo _916900 |
|
| 999 |
_c5794 _d5794 |
||